| 000 | 00354nam a2200109Ia 4500 | ||
|---|---|---|---|
| 008 | 200302s9999 xx 000 0 und d | ||
| 100 | _aRemy Zaugg | ||
| 245 | _aArchitecture By Herzog& de Meuron, Wall Painting by remy Zaugg, A work for Roche Basel | ||
| 260 | _bBirkhauser Publlisher for Architecture,Berlin/Boston/Basel | ||
| 260 | _c2001 | ||
| 300 | _a125 P | ||
| 999 |
_c4538 _d4538 |
||